00933njm a22002777a 450000500170000000600190001700700150003600800410005102800340009203500130012604000120013910000170015124500610016824600620022926000450029130000870033650000180042350000230044150000110046450501050047565000540058070000120063470000030064670000030064970000030065220100915104217.0a|||||r|||||00| 0 sd ammalaaahaa100910t xxu||||| |||| 00| 0 eng d aTAE.1505bHis Masters's Voice aGR-02550 aSED/VEN aHemant Kumar aKhamoshi / bby Kishore Kumar...[at.el] ; lyrics Gulzaar aख़ामोशी (किशोर कुमार)  aDum Dum, IndiabHis Master's Voicec1969 a1 sound disc : [Gramophone Record]banalog, 45 rpmc7 in. (LP)fGramophone Records aBrief record. aHis Master's Voice aOrange aSide-1 Tum pukaar lo ( Tum pukaar lo), Side-2 Wah shaam kutch ajeeb thi (Wah shaam kutch ajeeb thi)  xExcerptszIndiaaClassical MusicvHindi Film Song aGulzaar